000 00658nam a2200253 a 4500
005 20160119075747.0
008 140317t1977 mx a gr|||| 00| 0 spa d
020 _a9
040 _aCO-BoIAVH
_cCO-BoIAVH
041 _aspa
044 _amx
082 _a576
_bP38m
100 1 _aPelczar, Michael J.
_922083
245 1 _aMicrobiologĂ­a
250 _a4 ed.
260 _aMéxico
_bMcGraw-Hill Book. Co.
_c1977
300 _a826 paginas.
_bilustraciones.;
_c23 x 19 cm.
650 4 _aBacteria
_952873
650 4 _aMicroorganismos
_94169
700 1 _aReid, Roger
_922084
700 1 _aChan, E.C.S.
_922085
942 _cLIBRO
_2ddc
945 _d2005-07-11
999 _c4658
_d4658